000 00885nam a2200313 a 4500
003 AR-BaBNM
005 20251128205838.0
008 082120s2002 ||||||||||||||000 | spa||
020 _a84-7738-220-4
040 _cAR-BaBNM
100 1 _aTorre, Esteban
245 0 0 _aTeoría de la traducción literaria
260 _aMadrid
_bSíntesis
_c1994
300 _a255 p.
490 0 _aTeoría de la literatura y literatura comparada
_vv. 11
500 _aContiene referencias bibliográficas en p. 243
650 4 _aTEORIA LITERARIA
650 4 _aLINGÜISTICA
650 4 _aOBRAS LITERARIAS
650 4 _aTRADUCCION
650 4 _aLINGÜISTICA COMPARATIVA Y DIACRONICA
650 4 _aHISTORIA LITERARIA
653 _aTRADUCTORES
653 _aESTUDIOS LITERARIOS
655 _aLITERATURA
800 1 _aGarrido, Miguel Angel
_edirector
942 _cBK
998 _cMARTIN
999 _c13013
_d13013